000 00630cam a2200181 4500
001 WB3616-63
008 000000n2000 000 0 eng u
035 _a(Sirsi) u105476
245 _aQuantity Surveyors cut staff
260 _c2000
490 _aBuilding
_v265(8132)14 April 2000, 7(1)
520 _aRedundancies at Franklin and Andrews are the latest illustration of how QS practices are having difficulty passing on increased costs to clients, due to cut-throat market conditions.
590 _aWB
650 _aQUANTITY SURVEYING FIRMS
650 _aREDUNDANCIES
690 _aQuantity surveying
_96263
942 _n0
999 _c63194
_d63194